Best Universities in the European Union - Statistics

General Stats
  • This quiz has been taken 110 times
  • The average score is 11 of 18
Answer Stats
Country University % Correct
France Sorbonne University
95%
France Paris-Saclay University
79%
France PSL University
77%
France Université Paris Cité
77%
Denmark University of Copenhagen
77%
Germany Technical University of Munich
74%
Germany University of Munich
73%
Sweden Karolinska Institute
72%
Sweden Stockholm University
71%
Netherlands Erasmus University Rotterdam
59%
Netherlands Utrecht University
54%
Belgium KU Leuven
52%
Germany Heidelberg University
50%
Denmark Aarhus University
47%
Sweden Uppsala University
41%
Netherlands University of Groningen
39%
Belgium Ghent University
35%
Germany University of Bonn
23%
No matching quizzes found
Score Distribution
Percent of People with Each Score
Percentile by Number Answered
Your Score History
You have not taken this quiz